[Event "40 Nezhmetdinov Memorial"]
[Site "Kazan"]
[Date "2018.09.14"]
[Round "2.47"]
[White "Martynyuk, Elizaveta"]
[Black "Lazarev, Artem"]
[Result "1-0"]
[WhiteElo "2078"]
[BlackElo "1671"]
[PlyCount "63"]
[EventDate "2018.09.13"]

1. e4 c6 2. Nc3 d5 3. Nf3 dxe4 4. Nxe4 Nf6 5. Qe2 Nxe4 6. Qxe4 Nd7 7. Bc4 Nf6
8. Ne5 e6 9. Qe2 Bd6 10. O-O O-O 11. d4 Nd5 12. Bd3 Qh4 13. c4 Nb4 14. Nf3 Qh5
15. Be3 h6 16. h3 b6 17. Be4 f5 18. Bb1 g5 19. a3 Na6 20. b4 g4 21. Ne5 Bxe5
22. dxe5 f4 23. Bd2 f3 24. Qe4 Qf7 25. Bxh6 gxh3 26. Qg4+ Kh8 27. Qxh3 Kg8 28.
Qg4+ Kh8 29. Bxf8 fxg2 30. Kxg2 Bb7 31. Rh1+ Qh5 32. Rxh5# 1-0

[Event "40 Nezhmetdinov Memorial"]
[Site "Kazan"]
[Date "2018.09.14"]
[Round "2.48"]
[White "Nagaeva, Aliia"]
[Black "Sairanov, Talgat"]
[Result "0-1"]
[WhiteElo "1605"]
[BlackElo "2077"]
[PlyCount "66"]
[EventDate "2018.09.13"]

1. d4 Nf6 2. Bf4 g6 3. e3 Bg7 4. Nf3 O-O 5. h3 d5 6. Nbd2 c5 7. c3 Nc6 8. Bd3
Qb6 9. Qb3 c4 10. Qxb6 axb6 11. Bc2 b5 12. Ne5 Nd7 13. Nxc6 bxc6 14. Ke2 e5 15.
dxe5 Nxe5 16. Nf3 Nxf3 17. Kxf3 Re8 18. a3 c5 19. Bd6 Bb7 20. Kg3 d4 21. Bxc5
dxc3 22. b3 cxb3 23. Bxb3 Be5+ 24. f4 Rac8 25. Bb4 Bf6 26. Kf2 Bh4+ 27. Ke2
Bxg2 28. Rh2 Be4 29. Rc1 c2 30. Bd6 Rc3 31. Ba2 Bg3 32. Rf2 Bxf2 33. Kxf2 Rd3
0-1

[Event "40 Nezhmetdinov Memorial"]
[Site "Kazan"]
[Date "2018.09.14"]
[Round "2.49"]
[White "Asatryan, Gor"]
[Black "Guzhova, Amina"]
[Result "1-0"]
[WhiteElo "2072"]
[BlackElo "1554"]
[PlyCount "63"]
[EventDate "2018.09.13"]

1. e4 c5 2. Nf3 Nc6 3. c3 e6 4. Bd3 Nge7 5. O-O g6 6. Bc2 d5 7. e5 Bg7 8. d4 c4
9. a4 O-O 10. Bg5 Qc7 11. Na3 a6 12. Bf6 Bh6 13. g4 Re8 14. h4 Bf8 15. Kg2 h6
16. Qd2 Bg7 17. h5 Kf8 18. g5 Nf5 19. Bxf5 exf5 20. gxh6 Bxf6 21. exf6 Kg8 22.
h7+ Kxh7 23. hxg6+ fxg6 24. Ng5+ Kg8 25. f7+ Kf8 26. fxe8=Q+ Kxe8 27. Rfe1+ Kd8
28. Re6 Bd7 29. Nf7+ Kc8 30. Nd6+ Kb8 31. Rxg6 Ka7 32. Nab5+ 1-0

[Event "40 Nezhmetdinov Memorial"]
[Site "Kazan"]
[Date "2018.09.14"]
[Round "2.50"]
[White "Khabibullin, Ruslan"]
[Black "Garmash, Aliona"]
[Result "0-1"]
[WhiteElo "1517"]
[BlackElo "2067"]
[PlyCount "86"]
[EventDate "2018.09.13"]

1. c4 Nf6 2. Nc3 g6 3. e4 d6 4. g3 Bg7 5. Bg2 O-O 6. Nge2 e5 7. d3 Nc6 8. O-O
a6 9. f4 Bd7 10. Nd5 Re8 11. Nec3 Nd4 12. fxe5 Nxd5 13. Nxd5 dxe5 14. Be3 c6
15. Nc3 Qe7 16. Qd2 Rad8 17. Ne2 Be6 18. Bxd4 exd4 19. Nf4 Bc8 20. Rae1 Qd6 21.
Bh3 g5 22. Bxc8 gxf4 23. Bf5 fxg3 24. h3 Bh6 25. Qg2 Be3+ 26. Kh1 Kh8 27. Qf3
Rg8 28. Kg2 Bf2 29. Re2 Qh6 30. Bg4 Rg7 31. Rh1 c5 32. b3 Kg8 33. e5 Be3 34.
Rf1 Bf2 35. Rh1 Qg5 36. Qxb7 f5 37. Qxa6 fxg4 38. Qe6+ Kh8 39. hxg4 Qxg4 40.
Qf6 Qc8 41. Rf1 Rf8 42. Qd6 Qf5 43. Qd5 Qxd3 0-1

[Event "40 Nezhmetdinov Memorial"]
[Site "Kazan"]
[Date "2018.09.14"]
[Round "2.51"]
[White "Volkov, Roman"]
[Black "Razhbadinov, Rasul"]
[Result "1-0"]
[WhiteElo "2065"]
[BlackElo "1516"]
[PlyCount "61"]
[EventDate "2018.09.13"]

1. e4 e5 2. Nf3 Nc6 3. d4 exd4 4. Nxd4 Bc5 5. Nb3 Bb6 6. Nc3 Nf6 7. Bg5 d6 8.
Qd2 h6 9. Be3 Qe7 10. O-O-O O-O 11. f3 Ne5 12. Nd4 Bd7 13. Qf2 Ba5 14. Bd2 Bb6
15. Be2 Rfb8 16. g4 Bxd4 17. Qxd4 c5 18. Qf2 b5 19. g5 hxg5 20. Bxg5 Nfg4 21.
Qh4 f6 22. Nd5 Qd8 23. Bd2 g5 24. Qg3 Nh6 25. h4 Nhf7 26. hxg5 fxg5 27. Rh5 g4
28. f4 Nc4 29. Bxg4 Bxg4 30. Qxg4+ Kf8 31. Rh7 1-0

[Event "40 Nezhmetdinov Memorial"]
[Site "Kazan"]
[Date "2018.09.14"]
[Round "2.52"]
[White "Garifullina, Leya"]
[Black "Rafikov, Danis"]
[Result "1-0"]
[WhiteElo "2053"]
[BlackElo "1307"]
[PlyCount "57"]
[EventDate "2018.09.13"]

1. d4 d5 2. c4 e6 3. Nc3 Be7 4. cxd5 exd5 5. Bf4 Nf6 6. e3 c6 7. Bd3 Nbd7 8. h3
Nf8 9. Nf3 Ne6 10. Bh2 g6 11. Qc2 Ng7 12. g4 Bd6 13. Ne5 O-O 14. O-O-O Ne4 15.
Nxe4 dxe4 16. Bxe4 f5 17. Bd3 fxg4 18. hxg4 Be6 19. Bf4 Bd5 20. Rh2 Bxe5 21.
Bxe5 Bf3 22. Bc4+ Bd5 23. Rdh1 Ne6 24. Rxh7 Qg5 25. Bxd5 cxd5 26. Rh8+ Kf7 27.
R1h7+ Ke8 28. Qa4+ Kd8 29. Qd7# 1-0

[Event "40 Nezhmetdinov Memorial"]
[Site "Kazan"]
[Date "2018.09.14"]
[Round "2.54"]
[White "Salimova, Dinara"]
[Black "Pingin, Artem"]
[Result "0-1"]
[WhiteElo "1467"]
[BlackElo "2019"]
[PlyCount "98"]
[EventDate "2018.09.13"]

1. d4 d5 2. c4 c6 3. e3 Nf6 4. Nf3 e6 5. Nbd2 Nbd7 6. Bd3 Bd6 7. O-O O-O 8. e4
e5 9. cxd5 cxd5 10. exd5 exd4 11. Ne4 Bc5 12. Nxc5 Nxc5 13. Bc4 Bg4 14. Qxd4
Rc8 15. Bg5 Bxf3 16. gxf3 Ne6 17. Bxf6 Nxd4 18. Bxd8 Rfxd8 19. Bd3 Rxd5 20. Be4
Rd7 21. Rad1 g6 22. Kg2 Rcd8 23. Rd2 f5 24. Bb1 Nc6 25. Rxd7 Rxd7 26. a3 Kg7
27. Rc1 Rd2 28. b4 a6 29. Kg3 Kf6 30. f4 Rb2 31. Bc2 Ra2 32. f3 Rxa3 33. Rb1
Nd4 34. Bd1 Rc3 35. Kf2 Ke6 36. Rb2 Kd5 37. Rd2 Kc4 38. Rb2 Rd3 39. Rb1 Rd2+
40. Kg3 Kc3 41. h3 Rb2 42. Rc1+ Kd2 43. Rc4 Nc6 44. Ba4 Rxb4 45. Rxb4 Nxb4 46.
Kh4 Ke3 47. Kg3 Nd5 48. Be8 Nxf4 49. Bf7 b5 0-1

[Event "40 Nezhmetdinov Memorial"]
[Site "Казань"]
[Date "2018.09.15"]
[Round "3.11"]
[White "Rozum, Ivan"]
[Black "Tsoi, Dmitry"]
[Result "1-0"]
[WhiteElo "2576"]
[BlackElo "2422"]
[PlyCount "57"]
[EventDate "2018.09.13"]

1. e4 e5 2. Nf3 d6 3. d4 exd4 4. Nxd4 Nf6 5. Nc3 Be7 6. g3 O-O 7. Bg2 Nc6 8. h3
Bd7 9. Nde2 Qc8 10. g4 Ne5 11. Ng3 Ng6 12. g5 Ne8 13. h4 f6 14. h5 Ne5 15. g6
h6 16. Nd5 Bd8 17. Ne3 Be6 18. Qe2 Nc6 19. f4 Ne7 20. f5 Bd7 21. Ng4 d5 22.
Nxh6+ gxh6 23. Qd2 Nxf5 24. exf5 Bc6 25. Bxd5+ Bxd5 26. Qxd5+ Kh8 27. Bxh6 c6
28. Qd2 Qc7 29. O-O-O 1-0

[Event "40 Nezhmetdinov Memorial"]
[Site "Казань"]
[Date "2018.09.15"]
[Round "3.12"]
[White "Volkov, Sergey"]
[Black "Mamedjarova, Turkan"]
[Result "1-0"]
[WhiteElo "2547"]
[BlackElo "2312"]
[PlyCount "35"]
[EventDate "2018.09.13"]

1. d4 d5 2. c4 e6 3. Nc3 Nf6 4. cxd5 exd5 5. Bg5 Be7 6. e3 c6 7. Bd3 Nbd7 8.
Qc2 O-O 9. Nf3 Re8 10. O-O Nf8 11. h3 h6 12. Bf4 Bd6 13. Bxd6 Qxd6 14. Rae1 Bd7
15. a3 c5 16. dxc5 Qxc5 17. Rc1 Ne6 18. Rfd1 1-0

[Event "40 Nezhmetdinov Memorial"]
[Site "Казань"]
[Date "2018.09.15"]
[Round "3.13"]
[White "Makhmutov, Rail"]
[Black "Iljiushenok, Ilia"]
[Result "0-1"]
[WhiteElo "2407"]
[BlackElo "2532"]
[PlyCount "59"]
[EventDate "2018.09.13"]

1. Nf3 Nf6 2. c4 g6 3. b4 Bg7 4. Bb2 O-O 5. g3 d6 6. Bg2 e5 7. O-O c6 8. Nc3
Re8 9. d3 d5 10. Nd2 Be6 11. a4 Nbd7 12. a5 a6 13. Qc2 Rc8 14. Na4 h5 15. Nb3
Rc7 16. e3 h4 17. Rac1 hxg3 18. hxg3 dxc4 19. dxc4 Ng4 20. Nac5 Nxc5 21. Nxc5
Qg5 22. Nxe6 Qh5 23. Rfd1 fxe6 24. Bf3 Qh2+ 25. Kf1 Rf7 26. Bxg4 Qh1+ 27. Ke2
Rxf2+ 28. Kxf2 Rf8+ 29. Ke2 Qg2+ 30. Kd3 0-1

[Event "40 Nezhmetdinov Memorial"]
[Site "Казань"]
[Date "2018.09.15"]
[Round "3.14"]
[White "Ponfilenok, Vladimir"]
[Black "Hasangatin, Ramil"]
[Result "1/2-1/2"]
[WhiteElo "2353"]
[BlackElo "2490"]
[PlyCount "90"]
[EventDate "2018.09.13"]

1. d4 Nf6 2. c4 g6 3. Nf3 Bg7 4. g3 O-O 5. Bg2 d5 6. O-O Nc6 7. Ne5 dxc4 8.
Nxc6 bxc6 9. Na3 Be6 10. Bg5 Bd5 11. Bxf6 Bxf6 12. e4 Be6 13. e5 Bg7 14. Rc1
Rb8 15. Nxc4 Bd5 16. b3 c5 17. dxc5 Bxc4 18. Rxc4 Bxe5 19. Ra4 Qxd1 20. Rxd1
Rfd8 21. Re1 Bd4 22. Rxa7 Bxc5 23. Rxc7 Bb4 24. Re2 Rd1+ 25. Bf1 Rbd8 26. Rec2
Kg7 27. Kg2 Rb1 28. Be2 h5 29. h4 Bd6 30. Rb7 Ra8 31. Rb6 Ba3 32. Ra6 Rxa6 33.
Bxa6 f5 34. Bc4 Kf6 35. Rd2 Bb4 36. Rc2 Ba3 37. Ba6 e5 38. Rc6+ Kg7 39. Bc4 e4
40. Ra6 Bc5 41. Rc6 Bb4 42. Rc7+ Kf6 43. Rc6+ Kg7 44. Rc7+ Kf6 45. Rc6+ Kg7
1/2-1/2

[Event "40 Nezhmetdinov Memorial"]
[Site "Казань"]
[Date "2018.09.15"]
[Round "3.15"]
[White "Kabanov, Nikolai"]
[Black "Salemgareev, Tagir"]
[Result "1-0"]
[WhiteElo "2484"]
[BlackElo "2394"]
[PlyCount "55"]
[EventDate "2018.09.13"]

1. e4 c5 2. Nf3 d6 3. d4 cxd4 4. Nxd4 Nf6 5. Nc3 a6 6. Be2 e5 7. Nb3 Be7 8. Be3
Be6 9. Nd5 Nbd7 10. Qd3 O-O 11. a4 Bxd5 12. exd5 b6 13. O-O Ne8 14. Qd2 g6 15.
f4 Ng7 16. fxe5 Nxe5 17. Nd4 Re8 18. b3 Qd7 19. Nc6 Ng4 20. Bxb6 Bg5 21. Qxg5
Rxe2 22. Rae1 Rae8 23. Rxe2 Rxe2 24. c4 h6 25. Qf4 Nh5 26. Qf3 Ra2 27. Bd4 g5
28. Nb8 1-0

[Event "40 Nezhmetdinov Memorial"]
[Site "Казань"]
[Date "2018.09.15"]
[Round "3.16"]
[White "Murtazin, Ruslan"]
[Black "Usmanov, Vasily"]
[Result "1/2-1/2"]
[WhiteElo "2295"]
[BlackElo "2470"]
[PlyCount "80"]
[EventDate "2018.09.13"]

1. e4 e6 2. Nf3 d5 3. Nc3 d4 4. Ne2 c5 5. c3 Nf6 6. cxd4 cxd4 7. Nexd4 Nxe4 8.
Nxe6 Bxe6 9. Qa4+ Nc6 10. Qxe4 Bc5 11. Bc4 O-O 12. Bxe6 Re8 13. O-O Rxe6 14.
Qc4 Bb6 15. d3 h6 16. Bf4 Nd4 17. Nxd4 Qxd4 18. Be3 Qxc4 19. dxc4 Bxe3 20. fxe3
Rxe3 21. Rad1 Rae8 22. Rd7 R8e7 23. Rfd1 Re1+ 24. Rxe1 Rxd7 25. Re8+ Kh7 26.
Kf2 f5 27. Ke3 Kg6 28. b4 Kf7 29. Ra8 b6 30. Kf4 Ke6 31. Re8+ Kf6 32. Rf8+ Ke6
33. Re8+ Kf6 34. Rf8+ Ke6 35. Re8+ Kf6 36. Rf8+ Ke6 37. Re8+ Kf6 38. Rf8+ Ke6
39. Re8+ Kf6 40. Rf8+ Ke6 1/2-1/2

[Event "40 Nezhmetdinov Memorial"]
[Site "Казань"]
[Date "2018.09.15"]
[Round "3.17"]
[White "Makoveev, Ilya"]
[Black "Yankelevich, Lev"]
[Result "1-0"]
[WhiteElo "2271"]
[BlackElo "2431"]
[PlyCount "101"]
[EventDate "2018.09.13"]

1. e4 Nf6 2. e5 Nd5 3. d4 d6 4. c4 Nb6 5. exd6 exd6 6. Nc3 Be7 7. Nf3 Bg4 8.
Be2 O-O 9. O-O Re8 10. b3 Bf6 11. Be3 Nc6 12. Qd2 d5 13. c5 Nc8 14. h3 Be6 15.
Kh2 a6 16. Rad1 N8e7 17. g4 Ng6 18. Rg1 Be7 19. Bd3 Qd7 20. Ne2 f5 21. g5 Bf7
22. h4 Bd8 23. h5 Nf8 24. Nf4 Re4 25. Nh4 Qe8 26. Nxf5 Bxh5 27. Rde1 Qd7 28.
Bxe4 dxe4 29. Nxg7 Bf3 30. Ngh5 Qf5 31. Ng3 Qg4 32. Nh3 Ng6 33. Bf4 Nh4 34. Re3
Qd7 35. Qc3 Qxd4 36. Qxd4 Nxd4 37. Nxe4 Bxe4 38. Rxe4 Ndf3+ 39. Kg3 Nxg1 40.
Kxh4 Nxh3 41. Kxh3 Kf7 42. Rb4 b5 43. c6 Rb8 44. Rd4 Ke8 45. Be3 b4 46. Rd7 Rb5
47. Kg4 Re5 48. Rxh7 Be7 49. g6 Kf8 50. Rh8+ Kg7 51. Bd4 1-0

[Event "40 Nezhmetdinov Memorial"]
[Site "Казань"]
[Date "2018.09.15"]
[Round "3.18"]
[White "Bocharov, Dmitry"]
[Black "Glukhov, Alexander"]
[Result "1-0"]
[WhiteElo "2562"]
[BlackElo "2236"]
[PlyCount "54"]
[EventDate "2018.09.13"]

1. Nf3 Nf6 2. c4 c5 3. Nc3 Nc6 4. g3 g6 5. d4 cxd4 6. Nxd4 Bg7 7. Bg2 O-O 8.
Nc2 d6 9. b3 Qa5 10. Bd2 Qh5 11. h3 Be6 12. g4 Qe5 13. f4 Qa5 14. O-O Nxg4 15.
Na4 Qh5 16. hxg4 Bxg4 17. Rf2 e5 18. Qf1 Rae8 19. Re1 e4 20. e3 g5 21. Bc3 f5
22. Bxg7 Kxg7 23. Bh1 Rf6 24. Rh2 Qf7 25. Nc3 Rg6 26. Bg2 Qf6 27. Nd5 Qb2 1-0

[Event "40 Nezhmetdinov Memorial"]
[Site "Казань"]
[Date "2018.09.15"]
[Round "3.19"]
[White "Kozlov, Denis"]
[Black "Mokshanov, Alexey"]
[Result "1/2-1/2"]
[WhiteElo "2164"]
[BlackElo "2439"]
[PlyCount "81"]
[EventDate "2018.09.13"]

1. d4 d5 2. Nf3 Nf6 3. g3 e6 4. Bg2 Be7 5. O-O O-O 6. c4 c6 7. Nc3 b6 8. Qd3
Ba6 9. b3 Nbd7 10. e4 Rc8 11. Rd1 c5 12. exd5 exd5 13. Bb2 dxc4 14. bxc4 cxd4
15. Nb5 Nc5 16. Qxd4 Qxd4 17. Nfxd4 Na4 18. Nf5 Rfe8 19. Bd4 Bxb5 20. cxb5 Kf8
21. Bc6 Red8 22. Nxe7 Kxe7 23. Rac1 Nc5 24. Bxc5+ bxc5 25. Re1+ Kf8 26. Rxc5
Rd2 27. a4 Ra2 28. Bd5 Rxc5 29. Bxa2 Ng4 30. h3 Ne5 31. Re3 f6 32. Bb3 Rc1+ 33.
Kg2 Nd7 34. Bd5 Nb6 35. Bc6 Ra1 36. Re8+ Kf7 37. Rb8 Rxa4 38. Bb7 Rb4 39. Bc6
Ra4 40. Bb7 Rb4 41. Bc6 1/2-1/2

[Event "40 Nezhmetdinov Memorial"]
[Site "Казань"]
[Date "2018.09.15"]
[Round "3.20"]
[White "Kalegin, Evgenij"]
[Black "Yangutov, Aleksey"]
[Result "1-0"]
[WhiteElo "2433"]
[BlackElo "2159"]
[PlyCount "49"]
[EventDate "2018.09.13"]

1. e4 c5 2. Nf3 Nc6 3. Bb5 d6 4. O-O Bd7 5. Re1 a6 6. Bf1 Bg4 7. c3 e6 8. h3
Bxf3 9. Qxf3 g6 10. d3 Bg7 11. Be3 Nge7 12. Qd1 e5 13. Nd2 O-O 14. Nf3 Rc8 15.
a3 b5 16. b4 cxb4 17. axb4 Nb8 18. Qb3 d5 19. Bc5 d4 20. cxd4 exd4 21. e5 Nec6
22. e6 Qf6 23. Ra2 Rfe8 24. Rae2 Red8 25. Ng5 1-0

[Event "40 Nezhmetdinov Memorial"]
[Site "Казань"]
[Date "2018.09.15"]
[Round "3.21"]
[White "Bulatova, Kamaliya"]
[Black "Palachev, Petr"]
[Result "1/2-1/2"]
[WhiteElo "2137"]
[BlackElo "2405"]
[PlyCount "80"]
[EventDate "2018.09.13"]

1. d4 Nf6 2. c4 e6 3. Nc3 Bb4 4. e3 b6 5. Nge2 Ba6 6. a3 Bxc3+ 7. Nxc3 d5 8.
Qf3 O-O 9. g4 c6 10. b3 Nbd7 11. g5 Ne8 12. Qg3 dxc4 13. Bxc4 Bxc4 14. bxc4 Qe7
15. Ne4 e5 16. d5 cxd5 17. cxd5 f5 18. gxf6 Nexf6 19. Nxf6+ Nxf6 20. Bb2 Ne4
21. Qxe5 Qxe5 22. Bxe5 Nxf2 23. O-O Ng4 24. Rxf8+ Rxf8 25. Bd4 Nf6 26. Bxf6
gxf6 27. Rc1 Rd8 28. e4 f5 29. exf5 Rxd5 30. Rc8+ Kg7 31. Rc7+ Kh6 32. Rxa7
Rxf5 33. Ra6 Rf6 34. a4 Rg6+ 35. Kh1 Kh5 36. a5 bxa5 37. Rxa5+ Kh4 38. Ra4+ Rg4
39. Rxg4+ Kxg4 40. Kg2 h5 1/2-1/2

[Event "40 Nezhmetdinov Memorial"]
[Site "Казань"]
[Date "2018.09.15"]
[Round "3.22"]
[White "Baghdasaryan, Vahe"]
[Black "Safin, Robert"]
[Result "1-0"]
[WhiteElo "2404"]
[BlackElo "2098"]
[PlyCount "55"]
[EventDate "2018.09.13"]

1. Nf3 Nf6 2. c4 g6 3. Nc3 Bg7 4. g3 d6 5. Bg2 O-O 6. d3 e5 7. O-O c6 8. Bd2 a5
9. Qc1 Na6 10. Bh6 Nc5 11. Bxg7 Kxg7 12. d4 exd4 13. Nxd4 Qe7 14. Rd1 Be6 15.
b3 Rad8 16. Qa3 Qc7 17. Qb2 Rfe8 18. a3 Qb6 19. Rd2 Kg8 20. b4 axb4 21. axb4
Ncd7 22. Nxe6 Rxe6 23. Bh3 Rf8 24. Bxe6 fxe6 25. Rxd6 Ng4 26. Ne4 Rxf2 27. Rxd7
Rxe2+ 28. c5 1-0

[Event "40 Nezhmetdinov Memorial"]
[Site "Казань"]
[Date "2018.09.15"]
[Round "3.23"]
[White "Mochalin, Faddey"]
[Black "Tunik, Gennady"]
[Result "0-1"]
[WhiteElo "2100"]
[BlackElo "2367"]
[PlyCount "68"]
[EventDate "2018.09.13"]

1. e4 c5 2. Nf3 e6 3. d4 cxd4 4. Nxd4 Nc6 5. Nc3 a6 6. Nxc6 bxc6 7. e5 Qc7 8.
Bf4 Rb8 9. Rb1 Ne7 10. Bd3 f5 11. O-O g6 12. Be3 c5 13. Qd2 Bb7 14. b3 Nd5 15.
Nxd5 Bxd5 16. f4 Be7 17. Bxa6 Ra8 18. Bb5 Rxa2 19. Ra1 Rxa1 20. Rxa1 Kf7 21.
Qa5 Qb7 22. Qa7 Qxb5 23. c4 Qxb3 24. cxd5 Qxe3+ 25. Kh1 exd5 26. Qxd7 Rd8 27.
Qb7 Qxf4 28. e6+ Kf6 29. h3 d4 30. Ra7 Qf1+ 31. Kh2 Qf4+ 32. g3 Qf2+ 33. Kh1
Qe1+ 34. Kg2 Qe4+ 0-1

[Event "40 Nezhmetdinov Memorial"]
[Site "Казань"]
[Date "2018.09.15"]
[Round "3.24"]
[White "Sadykov, Ramil"]
[Black "Martynyuk, Elizaveta"]
[Result "1-0"]
[WhiteElo "2364"]
[BlackElo "2078"]
[PlyCount "69"]
[EventDate "2018.09.13"]

1. e4 c5 2. Nf3 Nc6 3. Bb5 d6 4. Bxc6+ bxc6 5. O-O e5 6. c3 Nf6 7. Re1 Bg4 8.
h3 Bh5 9. d4 cxd4 10. cxd4 Nd7 11. Be3 Be7 12. Nbd2 O-O 13. Qa4 exd4 14. Nxd4
c5 15. Nf5 Bg6 16. Rad1 Bxf5 17. exf5 d5 18. Nb3 Qc8 19. Qa3 Re8 20. Bd4 Qc7
21. Rc1 Qf4 22. Bxc5 Nxc5 23. Nxc5 Bd6 24. g3 Qxf5 25. Kg2 d4 26. Rxe8+ Rxe8
27. Qf3 Qg5 28. Nd3 h5 29. h4 Qd2 30. Rc4 Re6 31. Rc8+ Bf8 32. Nf4 Ra6 33. Qa8
Qb4 34. Nd5 Qd6 35. Rxf8+ 1-0

[Event "40 Nezhmetdinov Memorial"]
[Site "Казань"]
[Date "2018.09.15"]
[Round "3.25"]
[White "Khazieva, Elza"]
[Black "Gubajdullin, Alexei"]
[Result "1-0"]
[WhiteElo "2083"]
[BlackElo "2358"]
[PlyCount "44"]
[EventDate "2018.09.13"]

1. e4 g6 2. d4 Bg7 3. Nc3 d6 4. Be3 a6 5. a4 Nf6 6. h3 Nbd7 7. Nf3 O-O 8. e5
Ne8 9. Bc4 Nb6 10. Bb3 d5 11. Qe2 a5 12. O-O c6 13. Nh2 f6 14. f4 Kh8 15. Nb1
fxe5 16. fxe5 Rxf1+ 17. Qxf1 Nc7 18. Nd2 Bf5 19. Ndf3 Qf8 20. Bg5 Re8 21. Nh4
Be6 22. c3 Nc4 1-0

[Event "40 Nezhmetdinov Memorial"]
[Site "Казань"]
[Date "2018.09.15"]
[Round "3.26"]
[White "Sairanov, Talgat"]
[Black "Mukhutdinov, Tigran"]
[Result "1-0"]
[WhiteElo "2077"]
[BlackElo "2273"]
[PlyCount "119"]
[EventDate "2018.09.13"]

1. c4 e5 2. Nc3 Bb4 3. Nd5 Na6 4. g3 Nf6 5. Nxb4 Nxb4 6. Bg2 O-O 7. d3 Re8 8.
Nf3 d5 9. cxd5 Nfxd5 10. O-O Nc6 11. a3 a5 12. Re1 Nb6 13. e4 Bg4 14. Be3 Nd4
15. Rc1 Re7 16. Bxd4 Bxf3 17. Bxf3 Qxd4 18. Qb3 Rd8 19. Be2 g6 20. Rc2 c6 21.
Rec1 a4 22. Qc3 Qd6 23. Qa5 Qc7 24. Rc5 Ra8 25. Qb4 Rd7 26. Rb5 Nc8 27. Bg4 Re7
28. Bxc8 Rxc8 29. Qxa4 Rd8 30. Rb3 Red7 31. Qa7 Qc8 32. Rcc3 Rc7 33. a4 Rd4 34.
a5 Ra4 35. Kg2 Qd7 36. Qc5 Qe6 37. Ra3 Rxa3 38. Rxa3 Rc8 39. Qb6 Qd7 40. Rb3
Ra8 41. Qxb7 Qxb7 42. Rxb7 Rxa5 43. Kf3 Kg7 44. Ke3 Kf6 45. Rb6 Rc5 46. b4 Rc2
47. b5 Ke7 48. bxc6 h5 49. Rb7+ Ke6 50. Rc7 f5 51. exf5+ gxf5 52. Rh7 f4+ 53.
Kf3 Rd2 54. Rh6+ Kd5 55. Rxh5 fxg3 56. hxg3 Rxd3+ 57. Kg4 Ke6 58. Rh6+ Kf7 59.
c7 Rc3 60. Rh8 1-0

[Event "40 Nezhmetdinov Memorial"]
[Site "Казань"]
[Date "2018.09.15"]
[Round "3.27"]
[White "Garmash, Aliona"]
[Black "Skatchkov, Valery"]
[Result "0-1"]
[WhiteElo "2067"]
[BlackElo "2253"]
[PlyCount "86"]
[EventDate "2018.09.13"]

1. d4 Nf6 2. Nf3 e6 3. c4 b6 4. g3 Ba6 5. Qc2 Bb4+ 6. Bd2 Be7 7. Bg2 d5 8. cxd5
exd5 9. Nc3 O-O 10. O-O c5 11. Rfd1 Nbd7 12. e4 dxe4 13. Nxe4 Nxe4 14. Qxe4 Nf6
15. Qe3 Re8 16. Qb3 Be2 17. Re1 Bxf3 18. Bxf3 Rc8 19. Bf4 cxd4 20. Rad1 Bc5 21.
Bb7 Rxe1+ 22. Rxe1 h5 23. Bxc8 Qxc8 24. Qf3 Qf5 25. Kg2 d3 26. h3 Bd4 27. Rd1
Bxb2 28. Qxd3 Qc5 29. Qb3 Bd4 30. Rc1 Qf5 31. Qb1 Qd5+ 32. Kg1 g5 33. Be3 Bxe3
34. fxe3 Qf3 35. Rc8+ Kg7 36. Qe1 Qf5 37. Rc7 Qxh3 38. Qf2 Qg4 39. Rxa7 h4 40.
Kg2 h3+ 41. Kh2 Qd1 42. Qf5 Qe2+ 43. Kxh3 g4+ 0-1

[Event "40 Nezhmetdinov Memorial"]
[Site "Казань"]
[Date "2018.09.15"]
[Round "3.28"]
[White "Danielyan, Vahe"]
[Black "Asatryan, Gor"]
[Result "1-0"]
[WhiteElo "2249"]
[BlackElo "2072"]
[PlyCount "95"]
[EventDate "2018.09.13"]

1. Nf3 d5 2. g3 Nf6 3. Bg2 Nbd7 4. d4 c5 5. O-O cxd4 6. Qxd4 e6 7. c4 e5 8. Qd1
dxc4 9. Na3 Bxa3 10. bxa3 O-O 11. Bb2 Qc7 12. Rc1 Rb8 13. a4 b5 14. axb5 Rxb5
15. Ba3 Rd8 16. Be7 Re8 17. Bd6 Qb6 18. Rxc4 e4 19. Nd4 Rd5 20. Bc7 Qb7 21. Qb1
Qxb1 22. Rxb1 Rc5 23. Rxc5 Nxc5 24. Bd6 Ne6 25. Nc6 Ba6 26. e3 Bc4 27. a4 Nd5
28. Rb7 Bd3 29. Nxa7 Nc3 30. a5 Rd8 31. Nc6 Ra8 32. Nb4 Rc8 33. h4 h6 34. a6
Nb5 35. Be5 Nc5 36. Rb8 Na7 37. Bh3 Nxa6 38. Rxc8+ Nxc8 39. Nxd3 Ne7 40. Nb2 f5
41. Bf1 Nb4 42. Bc4+ Kh7 43. Bd6 Nbc6 44. Na4 g5 45. h5 Ng8 46. Be6 Nce7 47.
Nc5 Kg7 48. Nd7 1-0

[Event "40 Nezhmetdinov Memorial"]
[Site "Казань"]
[Date "2018.09.15"]
[Round "3.29"]
[White "Pingin, Artem"]
[Black "Zhitnikov, Konstantin"]
[Result "0-1"]
[WhiteElo "2019"]
[BlackElo "2247"]
[PlyCount "74"]
[EventDate "2018.09.13"]

1. e4 c6 2. d4 d5 3. Nc3 dxe4 4. Nxe4 Bf5 5. Ng3 Bg6 6. Nh3 e6 7. Nf4 Bd6 8. c3
Nf6 9. h4 Bxf4 10. Bxf4 h6 11. Be2 O-O 12. h5 Bh7 13. O-O Nbd7 14. a4 a5 15.
Re1 Re8 16. Bf1 Qb6 17. Bd3 Bxd3 18. Qxd3 c5 19. Be3 Rac8 20. Qe2 c4 21. d5 Qd6
22. dxe6 Qxe6 23. Qc2 Nc5 24. Re2 Nd3 25. Bxh6 Qg4 26. Be3 Nxh5 27. Nxh5 Qxh5
28. b3 Rc6 29. bxc4 Nf4 30. Bxf4 Qxe2 31. Qf5 Rf6 32. Qg5 Qxc4 33. Be3 Qxc3 34.
Rb1 Qc2 35. Qb5 Rxe3 36. Rf1 Re1 37. g3 Qxf2+ 0-1

[Event "40 Nezhmetdinov Memorial"]
[Site "Казань"]
[Date "2018.09.15"]
[Round "3.30"]
[White "Filipenko, Alexander V"]
[Black "Volkov, Roman"]
[Result "0-1"]
[WhiteElo "2245"]
[BlackElo "2065"]
[PlyCount "96"]
[EventDate "2018.09.13"]

1. e4 e5 2. Nf3 Nc6 3. Bb5 a6 4. Ba4 Nf6 5. O-O Be7 6. Re1 b5 7. Bb3 d6 8. a4
b4 9. d4 O-O 10. dxe5 Nxe5 11. Nxe5 dxe5 12. Qe2 Bb7 13. f3 Bc5+ 14. Be3 Qe7
15. Nd2 Rfd8 16. Bc4 Bxe3+ 17. Qxe3 Rxd2 18. Bxf7+ Kxf7 19. Qxd2 Nd7 20. Rad1
Bc6 21. b3 Rb8 22. Re3 Nc5 23. c3 Nxb3 24. Qa2 Qe6 25. Rb1 Nc5 26. Qxe6+ Nxe6
27. Rxb4 Rxb4 28. cxb4 Bxa4 29. Ra3 Bb5 30. h4 Ke7 31. Kf2 Nd4 32. g3 Kd6 33.
Rc3 Ne6 34. Ke3 Nd4 35. f4 Nc6 36. Rb3 Kd7 37. Rb1 Kc8 38. Rb2 Kb7 39. f5 Kb6
40. g4 Bc4 41. g5 Kb5 42. h5 Nxb4 43. Kd2 a5 44. Kc3 c5 45. Rd2 a4 46. Rd7 a3
47. Rxg7 Kb6 48. Rg8 Bxg8 0-1

[Event "40 Nezhmetdinov Memorial"]
[Site "Казань"]
[Date "2018.09.15"]
[Round "3.31"]
[White "Nikolaeva, Ksenya"]
[Black "Bogdanov, Nikita"]
[Result "0-1"]
[WhiteElo "1874"]
[BlackElo "2244"]
[PlyCount "68"]
[EventDate "2018.09.13"]

1. e4 c6 2. Nc3 d5 3. Qe2 d4 4. Nd1 e5 5. g3 c5 6. d3 Nc6 7. Bg2 Be6 8. f4 f6
9. Nf3 Be7 10. Nf2 Qb6 11. c4 O-O-O 12. a3 Bd6 13. fxe5 Nxe5 14. Nxe5 Bxe5 15.
Rb1 Ne7 16. Bd2 h5 17. b4 h4 18. g4 h3 19. Bf1 g5 20. Qd1 Qc7 21. bxc5 Nc6 22.
Bxh3 Bxh2 23. Qf3 Rh6 24. Ke2 Ne5 25. Qg2 Bf4 26. Bxf4 gxf4 27. Kd1 f3 28. Qg3
Qa5 29. g5 Rxh3 30. Rxh3 Qxa3 31. Rh7 Bd7 32. gxf6 Qa2 33. Kc1 Qa3+ 34. Rb2
Qa1+ 0-1

[Event "40 Nezhmetdinov Memorial"]
[Site "Казань"]
[Date "2018.09.15"]
[Round "3.32"]
[White "Shafigullina, Zarina"]
[Black "Garifullina, Leya"]
[Result "0-1"]
[WhiteElo "2242"]
[BlackElo "2053"]
[PlyCount "112"]
[EventDate "2018.09.13"]

1. c4 e6 2. Nf3 d5 3. e3 Nf6 4. b3 Be7 5. Bb2 O-O 6. Be2 c5 7. O-O Nc6 8. cxd5
Nxd5 9. Nc3 Bf6 10. Qc1 b6 11. Rd1 Bb7 12. a3 Rc8 13. Qc2 Nd4 14. exd4 cxd4 15.
Bc4 dxc3 16. dxc3 Qc7 17. Nd4 a6 18. Bd3 h6 19. c4 Nf4 20. Be4 Rfd8 21. Bxb7
Qxb7 22. Nf3 Bxb2 23. Qxb2 Qe4 24. Kf1 Nxg2 25. Qe2 Qg4 26. Ng1 Qg6 27. Qf3 Nh4
28. Qg3 Qf6 29. Qe3 b5 30. Rxd8+ Rxd8 31. Rc1 Qb2 32. Ne2 Rd2 33. Re1 bxc4 34.
bxc4 Qb7 35. f3 Rc2 36. Rd1 Qxf3+ 37. Qxf3 Nxf3 38. Kf2 Nd2 39. Ke3 Nxc4+ 40.
Kd3 Ra2 41. Kxc4 Rxe2 42. Rd6 Rxh2 43. Rxa6 g5 44. a4 g4 45. Kd4 g3 46. Ke3 h5
47. Ra5 f5 48. Ra8+ Kg7 49. a5 h4 50. Ra7+ Kf6 51. a6 Ra2 52. Ra8 g2 53. Rg8 h3
54. a7 Rxa7 55. Kf2 Ra1 56. Rg3 Rf1+ 0-1